| 000 | 00762nam a2200217Ia 4500 | ||
|---|---|---|---|
| 003 | IN-BaIIA | ||
| 008 | 211028s9999 xx 000 0 eng d | ||
| 020 | _a90-277-2665-5 | ||
| 040 | _cIIA Library | ||
| 080 |
_a082.2:52 _bIAU-S126 |
||
| 245 | 4 |
_aThe Harlow-Shapley symposium on globular cluster systems in galaxies _c edited by Jonathan E. Grindlay and A.G Davis Philip |
|
| 260 |
_aDordrecht _bKluwer Academic _c1988 |
||
| 300 | _axxxi, 751p. | ||
| 490 | _aIAU Symposium; no. 126 | ||
| 650 | _aAstronomy and Astrophysics thesaurus | ||
| 650 |
_aGlobular star clusters _96789 |
||
| 650 |
_aStar clusters _96686 |
||
| 700 |
_aGrindlay, Jonathan E., ed. _915874 |
||
| 700 |
_aPhilip, A.G Davis, ed. _911239 |
||
| 942 | _cBK | ||
| 999 |
_c9431 _d9431 |
||